Como tú me quieras (Record no. 175021)

MARC details
000 -LEADER
campo de control de longitud fija 00762nam a2200217 4500
001 - NÚMERO DE CONTROL
campo de control 175021
003 - IDENTIFICADOR DE NÚMERO DE CONTROL
campo de control ES-MaACL
005 - FECHA Y HORA DE LA ÚLTIMA TRANSACCIÓN
campo de control 20230906215726.0
008 - DATOS DE LONGITUD FIJA--INFORMACIÓN GENERAL
campo de control de longitud fija 100930s2009 sp | |||||||| | spa d
020 ## - NÚMERO INTERNACIONAL ESTÁNDAR DEL LIBRO
Número Internacional Estándar del Libro 978-84-87874-50-5
080 ## - NÚMERO DE LA CLASIFICACIÓN DECIMAL UNIVERSAL
Número de la Clasificación Decimal Universal 821.134.2-23"19"
100 1# - ENTRADA PRINCIPAL--NOMBRE DE PERSONA
Nombre de persona Zapata, Pilar.
9 (RLIN) 117991
245 10 - MENCIÓN DEL TÍTULO
Título Como tú me quieras
Resto del título : (drama en cinco cuadros) /
Mención de responsabilidad, etc. Pilar Zapata.
260 ## - PUBLICACIÓN, DISTRIBUCIÓN, ETC.
Lugar de publicación, distribución, etc. [Guadalajara] :
Nombre del editor, distribuidor, etc. Servicio de Publicaciones, Patronato de Cultura :
-- [ 2009]
300 ## - DESCRIPCIÓN FÍSICA
Extensión 82 p. ;
Dimensiones 21 cm.
490 1# - MENCIÓN DE SERIE
Mención de serie Colección "Premio Buero Vallejo" ;
Designación de volumen o secuencia 21
586 8# - NOTA DE PREMIOS
Nota de premios XXIV Premio de Teatro Buero Vallejo, Ciudad de Guadalajara, 2008
830 0# - PUNTO DE ACCESO ADICIONAL DE SERIE-TÍTULO UNIFORME
Título uniforme Colección "Premio Buero Vallejo" ;
Designación de volumen o secuencia 21
9 (RLIN) 223837
852 ## - LOCALIZACIÓN
Ubicación ES-MaACL
Número de control de estantería 2257-F-12
Holdings
Estatus retirado Estado de pérdida Estado de daño No para préstamo Colección Biblioteca de origen Biblioteca actual Ubicación en estantería Fecha de adquisición Fuente de adquisición Total de préstamos Signatura topográfica completa Código de barras Visto por última vez Precio de reemplazo Tipo de ítem Koha
        Colección de folletos Biblioteca del Ateneo de Madrid Biblioteca del Ateneo de Madrid Depósito folletos 30/09/2010     2257-F-12 1183778 23/02/2023 23/02/2023 Folleto